| 000 | 01113nam0a2200337 4500 | ||
|---|---|---|---|
| 001 | RU\NLR\bibl\106297 | ||
| 005 | 20260406052725.0 | ||
| 010 |
_a5-8183-0196-6 _910000 |
||
| 021 |
_aRU _b2000-15705 _9758 |
||
| 035 | _a(NLR Aleph) 000104025 | ||
| 090 |
_a588370 _c588370 |
||
| 100 | _a20000905d2000 |||y0rusy50 ca | ||
| 101 | 0 | _arus | |
| 102 | _aRU | ||
| 105 | _aa ||||||||| | ||
| 200 | 1 |
_aПреферанс. Бридж _e[Советы. Правила] _fН.Ю. Розалиев |
|
| 210 |
_aМ. _cГРАНД _cФАИР-Пресс _d2000 |
||
| 215 |
_a365,[1] с. _cил. _d21 |
||
| 225 | 1 | _aЧерный ворон | |
| 517 | 0 | _aБридж | |
| 606 | 0 |
_aБридж _91249419 _3RU\NLR\auth\66194296 |
|
| 606 | 0 |
_aПреферанс _91322756 _3RU\NLR\auth\66549544 |
|
| 686 | _aЧ711.37карты | ||
| 700 | 1 |
_4070 _8rus _7ca _aРозалиев _bН. Ю. _f1950- _gНиколай Юрьевич _3RU\NLR\auth\777633 _9117566 |
|
| 801 | 0 |
_aRU _bNLR _c20000905 _gPSBO |
|
| 801 | 1 |
_aRU _bNLR _c20000905 |
|
| 830 | _aАвт. по кн. | ||
| 852 |
_aNLR _j2000-3/8538 |
||
| 942 | _cBOOK | ||
| 980 | _aNB | ||